Statistiques concernant Les 25 départements français les moins densément peuplés

Cliquez ici pour prendre le quiz!

Statistiques générales

  • Ce quiz a été pris 116 fois
  • Le résultat moyen est 16 sur 25

Statistiques - réponses

Densité Département % Correct
22 hab./km²Creuse
92%
26 hab./km²Cantal
87%
40 hab./km²Corrèze
82%
15 hab./km²Lozère
79%
4 hab./km²Guyane
76%
32 hab./km²Lot
73%
23 hab./km²Hautes-Alpes
70%
47 hab./km²Allier
69%
42 hab./km²Haute-Loire
69%
35 hab./km²Landes
69%
33 hab./km²Nièvre
67%
28 hab./km²Ariège
67%
31 hab./km²Aveyron
67%
43 hab./km²Cher
63%
34 hab./km²Indre
62%
30 hab./km²Corse-du-Sud
61%
30 hab./km²Haute-Marne
60%
22 hab./km²Alpes-de-Haute-Provence
59%
43 hab./km²Dordogne
58%
30 hab./km²Haute-Corse
57%
28 hab./km²Gers
56%
31 hab./km²Meuse
54%
45 hab./km²Yonne
52%
43 hab./km²Haute-Saône
50%
48 hab./km²Orne
44%

Distribution des résultats

Percentile by Number Answered

% des personnes avec chaque résultat

Votre développement - résultats

Vous n’avez pas pris ce quiz